00940nam a2200277Ia 450000500170000000800410001702000150005804100080007308200160008110000340009724500950013125000180022630000470024452100350029165100390032665100530036565100280041870000370044694200120048326400290049533600270052433700330055133800280058404000350061299900150064720220317001743.0170328s2006 m a g 000 0 s  a9702008352 aspa04a964.8bC11t1 aCabán, JoséAlbertod1973-10aTravesía del desiertocJoséAlberto Cabán ; ilustraciones de Víctor García Bernal a1a. edición a35 páginasbilustraciones a colorc29 cm aRecomendado desde los 9 años 4aSahara OccidentalxHistoria990098 4aSahara OccidentalvDescripciones y viajes990099 4aAfricaxHistoria9901001 aGarcía Bernal, Víctor990101 2ddccBK aMéxicobCastilloc2006 atextobtxt2rdacontent asin mediaciónbn2rdamedia avolumenbnc2rdacarrier aCO-BoRNBPbspaerdacCO-BoRNBP c7979d7979